Correspondencia inédita entre Maximiliano y Carlota / (Registro nro. 14610)

Detalles MARC
000 -LIDER
fixed length control field 01558nam a2200397 4500
001 - NÚMERO DE CONTROL
Identificador de número de control
003 - IDENTIFICACDOR DE NÚMERO DE CONTROL
control field DO-SdBNP
005 - DATE AND TIME OF LATEST TRANSACTION
control field 20240321115104.0
008 - ELEMENTOS DE LONGITUD FIJA
fixed length control field 160127s2012 mx spa
015 ## - NÚMERO DENTRO DE LA BIBLIOGRAFÍA NACIONAL
National bibliography number
017 ## - NÚMERO DE REGISTRO DE DERECHOS DE AUTOR
Copyright or legal deposit number
Assigning agency
020 ## - ISBN
International Standard Book Number 9789681669980
035 ## - NÚMERO LOCAL
System control number
040 ## - FUENTE DE CATALOGACIÓN
Agencia que crea de manera original el registro BPMSU
Idioma de catalogación spa
Agencia que realiza la transcripción BPMSU
Convenciones de la despripción
082 #4 - NÚMERO DE CLASIFICACIÓN DECIMAL DE DEWEY
Classification number 923.1972
Item number R238c 2012
Edition number 22
084 ## - OTRO NÚMERO DE CLASIFICACIÓN
Classification number
Number source
100 1# - ASIENTO PRINCIPAL -- NOMBRE PERSONAL
Nombre personal Ratz, Konrad,
Fechas asociadas con el nombre 1931-
Mención de responsabilidad autor
Término de relación
245 10 - MENCIÓN DE TITULO
Título Correspondencia inédita entre Maximiliano y Carlota /
Mención de responsabilidad Konrad Ratz ; traducción Elsa Cecilia Frost.
Subtítulo
260 ## - PUBLICACIÓN, DISTRIBUCIÓN, ETC. (PIE DE IMPRENTA)
Lugar de publicación, distribución, etc México :
Nombre del editor, distribuidor, etc. Fondo de Cultura Econonómica,
Fecha de publicación, distribución, etc 2012
300 ## - DESCRIPCIÓN FÍSICA
Extensión 367 p. ;
Dimensiones 23 cm.
Otros detalles físicos
Material complementario
490 0# - MENCIÓN DE SERIES
Mención de serie Sección de obras de historia
500 ## - NOTA GENERAL
Nota general Incluye referencias bibliográficas y notas al pie de las páginas
500 ## - NOTA GENERAL
Nota general Glosario : p. 347-349.
500 ## - NOTA GENERAL
Nota general Incluye bibliografía e índice.
504 ## - NOTA DE BIBLIOGRAFÍA, ETC.
Bibliography, etc
520 ## - RESUMEN, ETC.
Nota de resumen, etc.
534 ## - NOTA SOBRE LA VERSIÓN ORIGINAL
Frase introductoria Título original.
Mención del título original Vor sehnsucht nach dir vergehend. Der private briefwechsel zwischen Maximilian Von mexiko un seiner frau Charlotte.
590 ## - NOTA LOCAL
Texto de la nota local Inventariado, 2024/VM
600 14 - ENCABEZAMIENTO DE MATERIA--NOMBRE PERSONAL
Nombre personal Maximiliano,
Títulos u otras palabras asociadas con el nombre Emperador de México,
Fechas asociadas con el nombre 1832-1867
Subdivisión temática general Corrrespondencia, memorias, etc.
Subdivisión de forma
600 14 - ENCABEZAMIENTO DE MATERIA--NOMBRE PERSONAL
Nombre personal Habsburgo-Lorena, Fernando Maximiliano José María de,
Títulos u otras palabras asociadas con el nombre Emperador de México,
Fechas asociadas con el nombre 1832-1867
Subdivisión temática general Correspondencia, memorias, etc.
650 #4 - ENCABEZAMIENTO DE MATERIA--TEMÁTICO
Término temático o nombre geográfico como elemento de entrada Vida cotidiana
Subdivisión geográfica México
Subdivisión cronológica Siglo XVIII.
Subdivisión de forma
700 1# - ASIENTO SECUNDARIO -- NOMBRE PERSONAL
Nombre personal Frost, Elsa Cecilia,
Fechas asociadas con el nombre 1929-2005,
Mención de responsabilidad tr.
710 2# - ASIENTO SECUNDARIO -- NOMBRE CORPORATIVO
Nombre corporativo o de jurisdicción Fondo de Cultura Económica (México)
910 ## - VALIDACIÓN
Validación VMateo V. Control de calidad. BPMSU
942 ## - ADDED ENTRY ELEMENTS (KOHA)
Source of classification or shelving scheme Dewey Decimal Classification
Koha item type Libros
Existencias
Withdrawn status Lost status Source of classification or shelving scheme Damaged status Not for loan Collection code Home library Current library Date acquired Source of acquisition Total Checkouts Full call number Barcode Date last seen Price effective from Koha item type
    Dewey Decimal Classification     Colección General Biblioteca Pública Metropolitana Salomé Ureña Biblioteca Pública Metropolitana Salomé Ureña 03/21/2024 Fondo de Cultura Económica   BPMSU CG 923.1972 R238c 2012 BPMSU24030072 03/21/2024 03/21/2024 Libros